00401nam a2200133Ia 4500008004100000020002200041040002900063050002300092100002200115245007900137260002900216942000700245999001500252221221s9999||||xx |||||||||||||| ||und|| a978-0-07-352482-5 cChuka University Library aHF 5691 bB54 2008 aBiehler, Timothy  4aThe mathematics of money: math for business and personal finance decisions aMcGrawhillbBostonc2008 cBK c4376d4376